30 Rock Quiz - Statistics

General Stats
  • This quiz has been taken 321 times
  • The average score is 10 of 15
Answer Stats
Hint Answer % Correct
What is the recurring doctors name? Dr. Spaceman
94%
What is the main page's name? Kenneth Parcell
91%
What does TGS stand for? The Girlie Show
90%
What is the name of the movie that Jenna stars in that no one can understand the name of? The Rural Juror
88%
What is 30 Rock short for? 30 Rockefeller Plaza
74%
What are the names of the two main members of Tracy Jordan's entourage? Grizz and Dot Com
74%
Who played 'Greenzo'? David Schwimmer
70%
What weird thing does Jack Donaghy collect? Cookie Jars
68%
What is Jenna's catchphrase after she gains weight? Me Want Food!!!
62%
When Liz thinks her neighbor is a terrorist, what is he actually making a video for? The Amazing Race
61%
What was Tracy Jordan's hit Halloween song? Werewolf Bar Mitzvah
61%
Jenna Maroney had a #1 song in Israel, what was it called? Muffin Top
53%
Liz Lemon once had a love interest with the same name as a celebrity, what was it? Wesley Snipes
46%
In which studio is TGS filmed? 6H
42%
What is the name of Tracy's movie where he plays a ninja? Who Dat Ninja
38%
No matching quizzes found
Score Distribution
Percent of People with Each Score
Percentile by Number Answered
Your Score History
You have not taken this quiz